[Event "Famalicao op 9th"]
[Site "Vila Nova de Famalicao"]
[Date "2022.07.25"]
[Round "1"]
[White "Alves, Damiao Fernando"]
[Black "Krishna, C Revanth Gopala"]
[Result "0-1"]
[WhiteElo "1316"]
[BlackElo "2430"]
[PlyCount "36"]
[EventDate "2022.07.25"]
[EventType "swiss"]
[EventRounds "9"]
[EventCountry "POR"]
[SourceTitle "CBM 209 Extra"]
[Source "ChessBase"]
[SourceDate "2022.09.30"]
[SourceVersion "1"]
[SourceVersionDate "2022.09.30"]
[SourceQuality "1"]

1. e4 d6 2. d4 Nf6 3. Bd3 e5 4. Nf3 Nc6 5. d5 Ne7 6. c4 g6 7. Nc3 Bg7 8. 0-0 0-0 9. b4 Nh5 10. Nd2 Nf4 11. Bc2 f5 12. Ba3 b6 13. c5 fxe4 14. Ndxe4 Nf5 15. g3 Nh3+ 16. Kg2 Bh6 17. cxd6 Nxf2 18. dxc7 Qxc7 0-1

[Event "Guimaraes op"]
[Site "Guimaraes"]
[Date "2017.09.03"]
[Round "3"]
[White "Dias, Ivo Rodrigues"]
[Black "Alves, Damiao Fernando"]
[Result "1-0"]
[WhiteElo "2186"]
[BlackElo "1360"]
[PlyCount "67"]
[EventDate "2017.09.02"]
[EventType "swiss"]
[EventRounds "7"]
[EventCountry "POR"]
[SourceTitle "CBM 180 Extra"]
[Source "ChessBase"]
[SourceDate "2017.10.06"]
[SourceVersion "1"]
[SourceVersionDate "2017.10.06"]
[SourceQuality "1"]

1. e4 c5 2. Nf3 e6 3. d4 cxd4 4. Nxd4 Nf6 5. Nc3 Nc6 6. Ndb5 d6 7. a4 a6 8. Na3 Qc7 9. Be3 Be7 10. Be2 0-0 11. Nc4 Nd7 12. 0-0 Nce5 13. Na3 b6 14. f4 Nc6 15. Qd2 Rd8 16. Nc4 Bb7 17. f5 Nce5 18. Nxe5 Nxe5 19. Qd4 Qc5 20. fxe6 fxe6 21. Qd2 Qc7 22. Bd4 Nc4 23. Bxc4 Qxc4 24. Bxb6 Rf8 25. Qd3 Rac8 26. Rxf8+ Bxf8 27. Rf1 Be7 28. Bd4 e5 29. Bb6 d5 30. exd5 Bxd5 31. Qxd5+ Qxd5 32. Nxd5 Bc5+ 33. Bxc5 Rxc5 34. Ne7+ 1-0

[Event "Famalicao op 5th"]
[Site "Famalicao"]
[Date "2017.08.04"]
[Round "8"]
[White "Alves, Damiao Fernando"]
[Black "Oliveira, Maria Alice Ramos"]
[Result "0-1"]
[WhiteElo "1374"]
[BlackElo "1549"]
[PlyCount "94"]
[EventDate "2017.07.29"]
[EventType "swiss"]
[EventRounds "9"]
[EventCountry "POR"]
[SourceTitle "EXT 2018"]
[Source "ChessBase"]
[SourceDate "2017.10.13"]
[SourceVersion "1"]
[SourceVersionDate "2017.10.13"]
[SourceQuality "1"]

1. d4 Nf6 2. c4 g6 3. Nc3 Bg7 4. e4 d6 5. h3 0-0 6. Nf3 c5 7. Be3 cxd4 8. Bxd4 Nc6 9. Be3 b6 10. Be2 Bb7 11. Nd2 Rc8 12. Rc1 Nd7 13. 0-0 Ba6 14. b3 Nc5 15. Bg4 Rb8 16. Be2 Ne6 17. f4 Ned4 18. Bd3 Bc8 19. Nf3 Nxf3+ 20. Rxf3 Nd4 21. Rf1 Bd7 22. Bb1 Nc6 23. f5 Qc8 24. Nd5 Qd8 25. Bg5 Bd4+ 26. Kh1 f6 27. Bh6 Re8 28. fxg6 hxg6 29. Be3 Be5 30. Nf4 Kg7 31. Rf3 Rh8 32. Rg3 g5 33. Nh5+ Kg6 34. Nf4+ Kf7 35. Rxg5 fxg5 36. Nd5 Kg6 37. Nf4+ gxf4 38. Bxf4 Bxf4 39. e5+ Kg7 40. Rc3 Nxe5 41. Qd4 Rh4 42. Rf3 Qf8 43. Kg1 Kh6 44. Kf1 Nxf3 45. gxf3 Bxh3+ 46. Ke2 Qf6 47. Qe4 Qe5 0-1

[Event "Famalicao op 5th"]
[Site "Famalicao"]
[Date "2017.08.01"]
[Round "5"]
[White "Guimaraes, Alvaro JE"]
[Black "Alves, Damiao Fernando"]
[Result "1-0"]
[WhiteElo "1859"]
[BlackElo "1374"]
[PlyCount "107"]
[EventDate "2017.07.29"]
[EventType "swiss"]
[EventRounds "9"]
[EventCountry "POR"]
[SourceTitle "EXT 2018"]
[Source "ChessBase"]
[SourceDate "2017.10.13"]
[SourceVersion "1"]
[SourceVersionDate "2017.10.13"]
[SourceQuality "1"]

1. g3 Nf6 2. Bg2 c5 3. d3 d5 4. Bg5 h6 5. Bxf6 exf6 6. Nc3 d4 7. Nd5 Bd6 8. c4 Qa5+ 9. Kf1 0-0 10. a3 Na6 11. b4 Qd8 12. b5 Nc7 13. e4 dxe3 14. fxe3 Nxd5 15. Bxd5 Qc7 16. Qh5 Re8 17. Re1 Re5 18. Qe2 Re7 19. Kg2 Be6 20. Qf3 Bxd5 21. Qxd5 Rae8 22. Kf2 Re5 23. Qg2 Qe7 24. e4 Qd7 25. Nf3 R5e7 26. Rd1 f5 27. Nd2 f4 28. g4 Re6 29. Rhe1 Rg6 30. h3 h5 31. Rg1 Bb8 32. Nf3 hxg4 33. hxg4 Be5 34. Nxe5 Rxe5 35. Kf3 Reg5 36. Kxf4 Qd6+ 37. Kf3 Qf6+ 38. Ke2 Qf4 39. Qf3 Rxg4 40. Qxf4 Rxf4 41. Rxg6 fxg6 42. Ke3 Rf6 43. e5 Rf5 44. Ke4 b6 45. Kd5 Kf7 46. Kd6 Ke8 47. Rg1 g5 48. Ke6 g6 49. Rh1 Kd8 50. Rh8+ Kc7 51. Rh7+ Kb8 52. Kd6 Rf8 53. e6 Rf3 54. Kc6 1-0

[Event "Famalicao op 4th"]
[Site "Famalicao"]
[Date "2016.08.04"]
[Round "6"]
[White "Alves, Damiao Fernando"]
[Black "Romano, Joao Manuel Pereira"]
[Result "0-1"]
[WhiteElo "1410"]
[BlackElo "1815"]
[PlyCount "74"]
[EventDate "2016.07.30"]
[EventType "swiss"]
[EventRounds "7"]
[EventCountry "POR"]
[SourceTitle "CBM 173 Extra"]
[Source "ChessBase"]
[SourceDate "2016.08.29"]
[SourceVersion "1"]
[SourceVersionDate "2016.08.29"]
[SourceQuality "1"]

1. d4 Nf6 2. Bg5 d5 3. Nf3 e6 4. e3 Be7 5. c4 h6 6. Bxf6 Bxf6 7. Nc3 0-0 8. Bd3 c6 9. 0-0 Nd7 10. Qc2 dxc4 11. Bxc4 e5 12. dxe5 Nxe5 13. Nxe5 Bxe5 14. Rfd1 Qh4 15. f4 Bc7 16. Rf1 Re8 17. Nd1 Be6 18. Bd3 Rad8 19. Rf3 Bd5 20. Rg3 Bb6 21. Qc3 f6 22. Bg6 Qxf4 23. Bxe8 Rxe8 24. Qe1 Kh8 25. Qf2 Qe5 26. Nc3 Bxe3 27. Rxe3 Qxe3 28. Qxe3 Rxe3 29. Kf2 Re5 30. Rd1 Kg8 31. Nxd5 Rxd5 32. Rxd5 cxd5 33. Ke3 Kf7 34. Kd4 Ke6 35. g4 g6 36. h4 f5 37. gxf5+ gxf5 0-1

[Event "Famalicao op 4th"]
[Site "Famalicao"]
[Date "2016.07.30"]
[Round "1"]
[White "Galego, Luis"]
[Black "Alves, Damiao Fernando"]
[Result "1-0"]
[WhiteElo "2457"]
[BlackElo "1410"]
[PlyCount "61"]
[EventDate "2016.07.30"]
[EventType "swiss"]
[EventRounds "7"]
[EventCountry "POR"]
[SourceTitle "CBM 173 Extra"]
[Source "ChessBase"]
[SourceDate "2016.08.29"]
[SourceVersion "1"]
[SourceVersionDate "2016.08.29"]
[SourceQuality "1"]

1. e4 c5 2. Nf3 d6 3. c3 Nf6 4. Be2 Nc6 5. d3 e6 6. 0-0 Be7 7. a3 a5 8. a4 0-0 9. Na3 Bd7 10. h3 h6 11. Bf4 e5 12. Bh2 Be6 13. Re1 Qd7 14. Bf1 Rfd8 15. Nb5 Na7 16. d4 Nxb5 17. Bxb5 Qc7 18. dxe5 dxe5 19. Qe2 Bd6 20. Rad1 Nd7 21. Rd2 f6 22. Bc4 Bxc4 23. Qxc4+ Kh8 24. Red1 Nf8 25. Nh4 g6 26. g4 Kg7 27. Ng2 Qe7 28. Ne3 Ne6 29. Nd5 Qf8 30. Qb5 g5 31. Ne3 1-0